Premiéři České republiky - Sudden Death / náhlá smrt - Statistics

General Stats
  • This quiz has been taken 157 times
  • The average score is 7 of 13
Answers on the Grid
Answers color-coded by a green-red scale on the quiz's grid according to % correct below.
Petr Pavel
Andrej Babiš
Miroslav Kalousek
Lubomír Štrougal
Mirek Topolánek
Alena Schillerová
Jan Fischer
Vladimír Mečiar
Jiří Paroubek
Josef Tošovský
Miloš Zeman
Václav Klaus
Vladimír Špidla
Stanislav Gross
Jiří Rusnok
Bohuslav Sobotka
Karel Havlíček
Petr Nečas
Petr Fiala
Pavel Bém
Jan Hamáček
Václav Havel
Marián Čalfa
Karel Schwarzenberg
Jiří Dienstbier
 
Answer Stats
Answer % Correct
Petr Fiala
73%
Andrej Babiš
66%
Jiří Paroubek
59%
Mirek Topolánek
59%
Václav Klaus
56%
Bohuslav Sobotka
54%
Petr Nečas
54%
Miloš Zeman
53%
Stanislav Gross
53%
Vladimír Špidla
44%
Jiří Rusnok
41%
Jan Fischer
36%
Josef Tošovský
36%
No matching quizzes found
Score Distribution
Percent of People with Each Score
Percentile by Number Answered
Your Score History
You have not taken this quiz